[Event "Eurasian Blitz Chess Cup"]
[Site "Almaty KAZ"]
[Date "2016.06.19"]
[EventDate "2016.06.18"]
[Round "19.8"]
[Result "1-0"]
[White "Alexander Moiseenko"]
[Black "Wang Hao"]
[WhiteElo "2648"]
[BlackElo "2734"]
[PlyCount "107"]

1. d4 Nf6 2. c4 e6 3. Nc3 Bb4 4. g3 O-O 5. Bg2 d5 6. a3 Be7
7. Nf3 c6 8. O-O b6 9. Nd2 Ba6 10. b3 c5 11. dxc5 bxc5
12. cxd5 exd5 13. b4 cxb4 14. axb4 Bxb4 15. Bb2 Re8 16. Re1
Bb7 17. Na2 Be7 18. Qb3 Qb6 19. Nc3 Nbd7 20. Na4 Qxb3 21. Nxb3
Rac8 22. Bd4 Bb4 23. Reb1 Rxe2 24. Bxf6 Nxf6 25. Nd4 Re1+
26. Rxe1 Bxe1 27. Rxe1 Rc4 28. Rb1 Bc8 29. Rb8 g6 30. Bh3 Kg7
31. Rxc8 Rxd4 32. Nc5 Rc4 33. Nd3 Rd4 34. Ne5 Re4 35. Nf3 a5
36. Ra8 a4 37. Ra7 h6 38. Kg2 Kf8 39. Bc8 Rc4 40. Ba6 Re4
41. Bb5 Rb4 42. Bxa4 Re4 43. Bc2 Re2 44. Bd3 Re6 45. Ra6 g5
46. Rxe6 fxe6 47. Ne5 Ke7 48. Kf3 Kd6 49. Nf7+ Kc5 50. Nxh6 e5
51. Bf5 e4+ 52. Ke2 d4 53. Ng4 d3+ 54. Kd2 1-0

[Event "Eurasian Blitz Chess Cup"]
[Site "Almaty KAZ"]
[Date "2016.06.19"]
[EventDate "2016.06.18"]
[Round "20.8"]
[Result "1/2-1/2"]
[White "Wang Hao"]
[Black "Alexander Moiseenko"]
[WhiteElo "2734"]
[BlackElo "2648"]
[PlyCount "135"]

1. d4 Nf6 2. c4 e6 3. Nf3 Bb4+ 4. Bd2 c5 5. Bxb4 cxb4 6. e3
O-O 7. Be2 d6 8. O-O Nc6 9. Nbd2 e5 10. d5 Nb8 11. Ne1 a5
12. a3 Na6 13. Nc2 Bf5 14. axb4 Bxc2 15. Qxc2 Nxb4 16. Qc3 b6
17. e4 Nd7 18. g3 Nc5 19. Kg2 f5 20. exf5 Rxf5 21. Rac1 Qe7
22. Qe3 Raf8 23. Ne4 Nxe4 24. Qxe4 Qg5 25. Rcd1 Qf6 26. f3 g6
27. Qe3 Qd8 28. Bd3 R5f6 29. Be4 Qc7 30. b3 Na6 31. h4 Nc5
32. Bc2 Qf7 33. Rf2 Qg7 34. Rh1 Kh8 35. Qc3 Qf7 36. Qe3 Qg7
37. Rb1 Qc7 38. b4 Na6 39. bxa5 bxa5 40. Rb6 Nc5 41. Rc6 Qe7
42. Rb6 Qc7 43. Rb5 Qa7 44. Be4 a4 45. Ra2 R6f7 46. Ra3 Qc7
47. Rxc5 dxc5 48. Rxa4 Qb6 49. Kh3 Ra7 50. Rxa7 Qxa7 51. Qg5
Qd7+ 52. g4 Qd6 53. Kg3 Qf6 54. Qxf6+ Rxf6 55. g5 Rf8 56. d6
Rd8 57. f4 exf4+ 58. Kxf4 Rxd6 59. Bd5 Kg7 60. Ke5 Rb6 61. Be6
Rb2 62. Kd5 Rh2 63. Kxc5 Rxh4 64. Kd6 Rh1 65. c5 Rc1 66. c6 h6
67. c7 hxg5 68. c8=Q 1/2-1/2

[Event "Eurasian Blitz Chess Cup"]
[Site "Almaty KAZ"]
[Date "2016.06.19"]
[EventDate "2016.06.18"]
[Round "21.8"]
[Result "0-1"]
[White "Rauf Mamedov"]
[Black "Wang Hao"]
[WhiteElo "2655"]
[BlackElo "2734"]
[PlyCount "78"]

1. g3 d5 2. Bg2 g6 3. d3 Bg7 4. Nd2 c5 5. e4 dxe4 6. Nxe4 Na6
7. Nf3 Nf6 8. Nc3 O-O 9. O-O Nd5 10. Bd2 Nab4 11. Re1 b6
12. Nxd5 Nxd5 13. Ne5 Qd6 14. Nc4 Qd7 15. Ne5 Qd6 16. c4 Bxe5
17. Bxd5 Bd7 18. Qe2 Bxb2 19. Rab1 Bf6 20. Bf4 e5 21. Bh6 Rfe8
22. Bxa8 Rxa8 23. Rbd1 Bc6 24. Bc1 Re8 25. Bb2 Re6 26. Qe3 Bb7
27. Bc3 h5 28. a4 a5 29. Rb1 Qc6 30. Qe4 Qc7 31. Qe3 Bg7
32. Rb2 e4 33. Bxg7 exd3 34. Qd2 Qc6 35. f3 Qxf3 36. Rxe6 Qh1+
37. Kf2 Qxh2+ 38. Kf1 Qh1+ 39. Kf2 Qg2+ 0-1

[Event "Eurasian Blitz Chess Cup"]
[Site "Almaty KAZ"]
[Date "2016.06.19"]
[EventDate "2016.06.18"]
[Round "22.8"]
[Result "0-1"]
[White "Wang Hao"]
[Black "Rauf Mamedov"]
[WhiteElo "2734"]
[BlackElo "2655"]
[PlyCount "122"]

1. d4 d5 2. c4 c6 3. Nf3 Nf6 4. e3 Bf5 5. Nc3 e6 6. Nh4 Be4
7. f3 Bg6 8. Qb3 Qc7 9. Bd2 Be7 10. g3 Bh5 11. Be2 g5 12. Ng2
Bg6 13. Kf2 h5 14. h4 g4 15. Nf4 Nbd7 16. Nxg6 fxg6 17. f4 O-O
18. Kg2 Kg7 19. Rac1 Nb6 20. c5 Nbd7 21. Qc2 Rfd8 22. e4 dxe4
23. Nxe4 Nxe4 24. Qxe4 Nf6 25. Qxe6 Re8 26. Qc4 Nd5 27. Rhe1
Bf6 28. Bd3 Qd7 29. Re4 Rxe4 30. Bxe4 Ne7 31. Be3 Nf5 32. Bf2
Re8 33. d5 cxd5 34. Qxd5 Qxd5 35. Bxd5 Re2 36. Kf1 Rxb2
37. Rd1 Rb4 38. a3 Rb2 39. Bc4 Kh6 40. Be6 Ne7 41. Rd7 Rb1+
42. Ke2 Rb2+ 43. Rd2 Rb1 44. Kd3 Rc1 45. Rc2 Rd1+ 46. Kc4 Nc6
47. Re2 Bd4 48. Be1 Rc1+ 49. Kd3 Rxc5 50. Bb4 Rc1 51. Bd2 Ra1
52. Kc4 Kg7 53. Bd5 Bf6 54. Bxc6 bxc6 55. Bb4 Rc1+ 56. Kb3 c5
57. Bd2 c4+ 58. Kb4 Rc2 59. f5 Kf7 60. fxg6+ Kxg6 61. Ka4 c3
0-1

[Event "Chinese Chess League"]
[Site "CHN"]
[Date "2016.06.23"]
[EventDate "2016.04.12"]
[Round "5.5"]
[Result "1/2-1/2"]
[White "Shakhriyar Mamedyarov"]
[Black "Wang Hao"]
[WhiteElo "2750"]
[BlackElo "2732"]
[PlyCount "70"]

1. d4 Nf6 2. c4 e6 3. Nc3 Bb4 4. Nf3 b6 5. Qb3 c5 6. Bf4 Bb7
7. e3 cxd4 8. Qxb4 Na6 9. Qa3 dxc3 10. Qxc3 Nc5 11. Nd2 O-O
12. f3 d6 13. Bg5 h6 14. Bh4 Re8 15. b4 Ncd7 16. Qb2 a5 17. a3
axb4 18. axb4 Rxa1+ 19. Qxa1 Qa8 20. Qb2 Qa7 21. Be2 Ra8
22. Kf2 Qa3 23. Rb1 Qxb2 24. Rxb2 Kf8 25. Bxf6 Nxf6 26. c5
dxc5 27. bxc5 Nd7 28. cxb6 Rb8 29. e4 Bc8 30. Nc4 Ba6 31. Ne5
Nxe5 32. Bxa6 Nd7 33. b7 Nc5 34. Rb6 Nxa6 35. Rxa6 Rxb7
1/2-1/2

[Event "Chinese Chess League"]
[Site "CHN"]
[Date "2016.06.24"]
[EventDate "2016.04.12"]
[Round "6.2"]
[Result "1-0"]
[White "Wang Hao"]
[Black "Di Li"]
[WhiteElo "2732"]
[BlackElo "2420"]
[PlyCount "89"]

1. d4 d5 2. c4 c6 3. Nf3 Nf6 4. e3 e6 5. Bd3 Nbd7 6. b3 b6
7. O-O Bb7 8. Bb2 Bd6 9. Nc3 O-O 10. Qc2 Qe7 11. e4 dxe4
12. Nxe4 Nxe4 13. Bxe4 f5 14. Bd3 c5 15. d5 Qf7 16. Ng5 Qh5
17. f4 Bxf4 18. Rxf4 Qxg5 19. Rf3 Nf6 20. Raf1 Ng4 21. Qc3
exd5 22. Bxf5 Rf6 23. h4 Qxh4 24. Be6+ Kh8 25. Bxg4 d4
26. Rxf6 gxf6 27. Qh3 Qxh3 28. Bxh3 Re8 29. Rxf6 Re1+ 30. Rf1
Re2 31. Rf2 Re1+ 32. Kh2 Kg7 33. b4 Ba6 34. bxc5 bxc5 35. Ba3
Re5 36. Rf5 Rxf5 37. Bxf5 Bxc4 38. Bxc5 d3 39. Bd4+ Kg8
40. Be3 Bxa2 41. Bxd3 a5 42. Bc2 Bd5 43. Bd2 Kg7 44. Bc3+ Kh6
45. Bxa5 1-0

[Event "Chinese Chess League"]
[Site "CHN"]
[Date "2016.06.25"]
[EventDate "2016.04.12"]
[Round "7.6"]
[Result "1/2-1/2"]
[White "Zhao Jun"]
[Black "Wang Hao"]
[WhiteElo "2634"]
[BlackElo "2732"]
[PlyCount "81"]

1. e4 c6 2. d4 d5 3. exd5 cxd5 4. Bd3 Nc6 5. c3 Nf6 6. Bf4 Bg4
7. Qb3 Qc8 8. Nd2 e6 9. Ngf3 Be7 10. O-O O-O 11. Rfe1 Bh5
12. a4 Bg6 13. Bf1 Ne4 14. Nxe4 Bxe4 15. Nd2 Bg6 16. a5 a6
17. Qd1 Na7 18. Rc1 Nb5 19. c4 Nxd4 20. cxd5 Qd8 21. Nc4 Bc5
22. b4 Ba7 23. Bd6 exd5 24. Bxf8 Qxf8 25. Nb6 Bxb6 26. axb6
Qxb4 27. Rc7 Qxb6 28. Ree7 Qf6 29. Rxb7 h6 30. Bd3 Bxd3
31. Qxd3 Rc8 32. g3 Rf8 33. Kg2 h5 34. h4 Nf5 35. Red7 Qg6
36. Qxd5 Nxh4+ 37. Kh2 Nf5 38. Rd8 Rxd8 39. Qxd8+ Kh7 40. Rb6
Qg4 41. Qd3 1/2-1/2

[Event "Hainan Danzhou GM"]
[Site "Danzhou CHN"]
[Date "2016.07.08"]
[EventDate "2016.07.06"]
[Round "1"]
[Result "1/2-1/2"]
[White "Wang Hao"]
[Black "Vassily Ivanchuk"]
[WhiteElo "2734"]
[BlackElo "2728"]
[PlyCount "75"]

1. d4 d5 2. c4 dxc4 3. e4 e5 4. Nf3 exd4 5. Bxc4 Bb4+ 6. Bd2
Bxd2+ 7. Nbxd2 Nc6 8. O-O Nf6 9. e5 Nd5 10. Nb3 O-O 11. Nbxd4
Nxd4 12. Nxd4 c6 13. Bb3 a5 14. Qf3 Be6 15. Qe4 a4 16. Bc2 g6
17. a3 Qb6 18. Rab1 Nc7 19. Qh4 Qc5 20. Rbd1 Qxe5 21. Rfe1 Qc5
22. Qg3 Rad8 23. Qxc7 Rxd4 24. Qxb7 Rfd8 25. Rxd4 Rxd4
26. Qb8+ Kg7 27. Qg3 Rc4 28. Bd3 Rd4 29. h3 Bb3 30. Qe3 Qd6
31. Be2 c5 32. Qc3 Qf6 33. Qxc5 Rd2 34. Bf3 Rc2 35. Qb4 Rc4
36. Qd2 Rc2 37. Qb4 Rc4 38. Qd2 1/2-1/2

[Event "Hainan Danzhou GM"]
[Site "Danzhou CHN"]
[Date "2016.07.10"]
[EventDate "2016.07.08"]
[Round "3.3"]
[Result "1/2-1/2"]
[White "Wang Hao"]
[Black "Yu Yangyi"]
[WhiteElo "2734"]
[BlackElo "2734"]
[PlyCount "139"]

1. e4 c5 2. c3 Nf6 3. e5 Nd5 4. Nf3 Nc6 5. Bc4 e6 6. d4 cxd4
7. cxd4 d6 8. O-O Be7 9. a3 O-O 10. Bd3 Bd7 11. Qc2 g6 12. Bh6
Re8 13. Nbd2 Rc8 14. Qd1 dxe5 15. dxe5 Qc7 16. Qe1 Red8
17. Qe4 b5 18. Rfe1 Be8 19. Bxb5 Qb7 20. Bf1 Qxb2 21. Reb1 Qc3
22. Nc4 f5 23. exf6 Qxf6 24. Bg5 Qf5 25. Qh4 Rc7 26. Re1 Bxg5
27. Nxg5 Qf6 28. Rad1 Re7 29. Qg4 e5 30. Ne4 Qf4 31. Qxf4 exf4
32. Ncd6 Nc7 33. Rc1 Bd7 34. Nf6+ Kf8 35. Re4 Rxe4 36. Ndxe4
Ke7 37. Nxd7 Kxd7 38. Nc5+ Kc8 39. g3 f3 40. Bh3+ Kb8 41. Na6+
Kb7 42. Nxc7 Kxc7 43. Rc3 Rd1+ 44. Bf1 Kd6 45. Rxf3 Ne5
46. Rf6+ Kc5 47. Kg2 Rd2 48. h3 a5 49. Ra6 Nc6 50. a4 Rb2
51. g4 g5 52. Ra8 Rb6 53. Re8 h6 54. Re6 Nd4 55. Rxb6 Kxb6
56. Kg3 Ne6 57. Kf3 Kc5 58. Ke4 Kb4 59. Kf5 Nd4+ 60. Ke4 Ne6
61. Bb5 Nc5+ 62. Kf5 Nxa4 63. Be8 Nc3 64. Kg6 Ne4 65. Kxh6
Nxf2 66. Kxg5 Nxh3+ 67. Kf5 a4 68. Bxa4 Kxa4 69. g5 Nxg5
70. Kxg5 1/2-1/2

[Event "Hainan Danzhou GM"]
[Site "Danzhou CHN"]
[Date "2016.07.11"]
[EventDate "2016.07.06"]
[Round "4"]
[Result "1-0"]
[White "Wang Yue"]
[Black "Wang Hao"]
[WhiteElo "2730"]
[BlackElo "2734"]
[PlyCount "127"]

1. d4 d5 2. c4 c6 3. Nf3 Nf6 4. e3 e6 5. Bd3 dxc4 6. Bxc4 c5
7. O-O a6 8. Nc3 b5 9. Be2 Bb7 10. dxc5 Qxd1 11. Rxd1 Bxc5
12. Nd2 Be7 13. Nb3 Nc6 14. f3 O-O 15. e4 Rfc8 16. Be3 Ne5
17. Na5 Bc6 18. f4 Nc4 19. Bxc4 bxc4 20. Nxc4 Rab8 21. e5 Ne4
22. Nxe4 Bxe4 23. b3 Rd8 24. Ba7 Rbc8 25. Bb6 Rxd1+ 26. Rxd1
Bd5 27. Ne3 Bc6 28. Rc1 f6 29. Bd4 Kf7 30. Kf2 h5 31. g3 Ke8
32. Nc4 Bb7 33. Ke3 Rc7 34. Rc3 Rc8 35. exf6 gxf6 36. Nd2
Rxc3+ 37. Bxc3 Bd5 38. Kd4 Kd7 39. Nc4 Kc6 40. Kd3 Bg2 41. Ne3
Bh1 42. g4 hxg4 43. Nxg4 f5 44. Nf6 Bf3 45. h4 Bf8 46. Be5 a5
47. Ke3 Bd1 48. Kd2 Bf3 49. Ke3 Bd1 50. h5 Kb5 51. Kd2 Bf3
52. Ke3 Bd1 53. Kd2 Bf3 54. a3 Bg7 55. Ke3 Bd1 56. Kf2 Bxb3
57. Ne8 Bh6 58. Nd6+ Ka4 59. Nf7 Bf8 60. Bd6 Bg7 61. h6 e5
62. Bxe5 Bxf7 63. Bxg7 Bg8 64. Kg3 1-0

[Event "Hainan Danzhou GM"]
[Site "Danzhou CHN"]
[Date "2016.07.12"]
[EventDate "2016.07.06"]
[Round "5"]
[Result "1/2-1/2"]
[White "Wang Hao"]
[Black "Peter Leko"]
[WhiteElo "2734"]
[BlackElo "2712"]
[PlyCount "104"]

1. d4 Nf6 2. c4 e6 3. Nc3 Bb4 4. Nf3 d5 5. Bg5 h6 6. Bxf6 Qxf6
7. Qa4+ Nc6 8. e3 O-O 9. cxd5 exd5 10. Be2 Be6 11. O-O a6
12. Rfc1 Bd6 13. Qd1 Ne7 14. Na4 b6 15. a3 g5 16. g3 Qg7
17. Bf1 f5 18. Qe1 Kh8 19. b4 Ng6 20. Rc6 g4 21. Nd2 Qd7
22. Qc1 Ne7 23. Rxd6 Qxd6 24. Qc3 Bd7 25. Nb2 Bb5 26. Rc1 c6
27. Nb3 Bxf1 28. Kxf1 Rf6 29. Nd3 Ng6 30. a4 Re6 31. a5 b5
32. Ne5 Kh7 33. Nxg6 Rxg6 34. Nc5 h5 35. Nd3 Kg7 36. Ne5 Rf6
37. Qd2 Rc8 38. Rc5 Qe6 39. Qc1 Rh6 40. Ke2 Kh7 41. Qc2 Kg7
42. Nd3 Qe4 43. Nf4 Qxc2+ 44. Rxc2 Re8 45. Ng2 Rf6 46. Kd3 Kf7
47. Nh4 Ke7 48. Rc5 Kd6 49. Kd2 Re7 50. Kd3 Re8 51. Kd2 Re7
52. Kd3 Re8 1/2-1/2

[Event "Hainan Danzhou GM"]
[Site "Danzhou CHN"]
[Date "2016.07.13"]
[EventDate "2016.07.06"]
[Round "6"]
[Result "1/2-1/2"]
[White "Ian Nepomniachtchi"]
[Black "Wang Hao"]
[WhiteElo "2725"]
[BlackElo "2734"]
[PlyCount "65"]

1. c4 c6 2. Nf3 d5 3. g3 Bg4 4. Ne5 Be6 5. Bg2 Nd7 6. Nxd7
Qxd7 7. cxd5 Bxd5 8. e4 Bc4 9. d4 Nf6 10. Nc3 e6 11. Be3 Be7
12. Bf1 Bxf1 13. Kxf1 e5 14. Kg2 Ng4 15. d5 Nxe3+ 16. fxe3 Rc8
17. Qe2 Bb4 18. dxc6 Qxc6 19. Nd5 Qc2 20. Kf3 Qxe2+ 21. Kxe2
Rc2+ 22. Kf3 Be7 23. Rac1 Rxb2 24. Rc8+ Bd8 25. Rb8 h5 26. Rd1
g5 27. h3 g4+ 28. hxg4 hxg4+ 29. Kxg4 Rf2 30. Nf4 Rg8+ 31. Kh3
Rh8+ 32. Kg4 Rg8+ 33. Kh3 1/2-1/2

[Event "Hainan Danzhou GM"]
[Site "Danzhou CHN"]
[Date "2016.07.15"]
[EventDate "2016.07.06"]
[Round "7"]
[Result "0-1"]
[White "Wang Hao"]
[Black "Yifan Hou"]
[WhiteElo "2734"]
[BlackElo "2653"]
[PlyCount "52"]

1. d4 Nf6 2. c4 e6 3. g3 d5 4. Nf3 Be7 5. Bg2 O-O 6. O-O dxc4
7. Ne5 Nc6 8. Bxc6 bxc6 9. Nxc6 Qe8 10. Nxe7+ Qxe7 11. Qc2 c5
12. Qxc4 cxd4 13. Qxd4 e5 14. Qh4 Rb8 15. b3 Qe6 16. Na3 Rd8
17. Qc4 Qh3 18. f3 Bb7 19. Qc2 e4 20. Nc4 Rbc8 21. Rf2 Qh5
22. Be3 exf3 23. exf3 Bxf3 24. Bg5 Be4 25. Qc1 Ng4 26. Re2 Bf3
0-1

[Event "Hainan Danzhou GM"]
[Site "Danzhou CHN"]
[Date "2016.07.16"]
[EventDate "2016.07.06"]
[Round "8"]
[Result "1/2-1/2"]
[White "Wang Hao"]
[Black "Pentala Harikrishna"]
[WhiteElo "2734"]
[BlackElo "2755"]
[PlyCount "292"]

1. d4 Nf6 2. c4 e6 3. Nf3 b6 4. g3 Ba6 5. b3 Bb4+ 6. Bd2 Be7
7. Bg2 d5 8. Qc2 O-O 9. O-O c5 10. Nc3 Nc6 11. dxc5 bxc5
12. Rad1 Rc8 13. Bf4 Qa5 14. Bd2 dxc4 15. Nd5 cxb3 16. Nxe7+
Nxe7 17. axb3 Qb5 18. Ra1 Qxe2 19. Rfe1 Qd3 20. Qxd3 Bxd3
21. Ne5 Bc2 22. Rxa7 Ned5 23. Rb7 Rb8 24. Rxb8 Rxb8 25. Rc1
Bxb3 26. Rxc5 h6 27. h4 Ba4 28. g4 Nb6 29. g5 hxg5 30. hxg5
Nfd7 31. Nxd7 Nxd7 32. Ra5 Bb3 33. f4 Nf8 34. Be4 Rd8 35. Be3
Bd5 36. Bc2 Rc8 37. Rc5 Ra8 38. Rc7 Bf3 39. Bc5 Bh5 40. Bxf8
Kxf8 41. Kf2 Ra3 42. Be4 g6 43. Rc8+ Kg7 44. Ra8 Rb3 45. Ra5
Bg4 46. Rc5 Ra3 47. Bg2 Bd1 48. Be4 Ra4 49. Ke3 Ra2 50. Rc3
Rh2 51. Rc1 Bg4 52. Rg1 Bh5 53. Rc1 Re2+ 54. Kd3 Ra2 55. Ke3
Bg4 56. Rg1 Bh3 57. Rc1 Ra5 58. Kd4 Bg4 59. Ke3 Bh3 60. Rh1
Ra3+ 61. Kf2 Bg4 62. Rc1 Ra2+ 63. Ke3 Ra7 64. Kf2 Kf8 65. Ke3
Ke7 66. Rb1 Ra3+ 67. Kf2 Ra4 68. Rb7+ Kf8 69. Rb8+ Kg7 70. Ke3
Ra2 71. Rb4 Rh2 72. Rc4 Bd1 73. Rc1 Ba4 74. Ra1 Bb3 75. Rb1
Rh3+ 76. Kd4 Kf8 77. Ra1 Rh4 78. Ke3 e5 79. fxe5 Rg4 80. Kf3
Be6 81. Bxg6 fxg6 82. Ra6 Bc8 83. Rxg6 Rg1 84. Kf4 Rf1+
85. Ke3 Ke7 86. Rh6 Rg1 87. Kd4 Be6 88. g6 Bf5 89. g7 Rxg7
90. Ra6 Rg4+ 91. Kd5 Be4+ 92. Kc5 Bg2 93. Rf6 Re4 94. Rg6
Rxe5+ 95. Kd4 Re2 96. Rb6 Re4+ 97. Kd3 Rh4 98. Ke3 Bd5 99. Ra6
Kd7 100. Rf6 Be6 101. Rf4 Rh5 102. Kd4 Kd6 103. Ke3 Ra5
104. Rb4 Kc5 105. Re4 Bd5 106. Re7 Ra3+ 107. Kf4 Kd4 108. Rd7
Rf3+ 109. Kg4 Rf6 110. Kg5 Rf8 111. Re7 Be4 112. Ra7 Rf5+
113. Kg4 Rf6 114. Kg5 Rf1 115. Re7 Rf5+ 116. Kg4 Ke3 117. Re6
Ra5 118. Re8 Ra6 119. Re5 Ra1 120. Kg5 Rg1+ 121. Kf6 Rg6+
122. Ke7 Kd4 123. Re6 Rg1 124. Kf6 Bd5 125. Re7 Rf1+ 126. Kg5
Be4 127. Re8 Bf5 128. Ra8 Be6 129. Ra3 Bd5 130. Kg4 Ke5
131. Re3+ Be4 132. Ra3 Rf8 133. Ra5+ Bd5 134. Kg3 Rg8+
135. Kf2 Kd4 136. Ra4+ Kd3 137. Ra3+ Kd2 138. Ra5 Rg5 139. Rc5
Kd3 140. Ra5 Rg2+ 141. Kf1 Bf3 142. Ra3+ Ke4 143. Ke1 Re2+
144. Kf1 Kf4 145. Ra7 Rb2 146. Rf7+ Ke5 1/2-1/2

[Event "Hainan Danzhou GM"]
[Site "Danzhou CHN"]
[Date "2016.07.17"]
[EventDate "2016.07.06"]
[Round "9"]
[Result "1/2-1/2"]
[White "Bu Xiangzhi"]
[Black "Wang Hao"]
[WhiteElo "2723"]
[BlackElo "2734"]
[PlyCount "85"]

1. d4 d5 2. c4 c6 3. Nc3 Nf6 4. e3 a6 5. Nf3 Bf5 6. Bd3 Bxd3
7. Qxd3 e6 8. O-O Nbd7 9. b3 Bb4 10. a3 Ba5 11. b4 Bc7 12. e4
dxe4 13. Nxe4 Ne5 14. Nxe5 Bxe5 15. Be3 Nxe4 16. Qxe4 Bf6
17. Rad1 O-O 18. d5 exd5 19. cxd5 Re8 20. Qf3 cxd5 21. Rxd5
Qe7 22. g3 Rad8 23. Rxd8 Rxd8 24. Bb6 Rd7 25. Rc1 g5 26. h4
Qe6 27. hxg5 Bxg5 28. Rc8+ Kg7 29. Kg2 Rd6 30. Bc5 Qxc8
31. Bxd6 Qc6 32. Qxc6 bxc6 33. f4 Bd8 34. f5 Kf6 35. g4 h5
36. Kg3 Bb6 37. Kh4 hxg4 38. Kxg4 Be3 39. Bc5 Bc1 40. Bd4+ Ke7
41. Bc5+ Kf6 42. Bd4+ Ke7 43. Bc5+ 1/2-1/2

[Event "Chinese Chess League"]
[Site "CHN"]
[Date "2016.07.23"]
[EventDate "2016.04.12"]
[Round "8.1"]
[Result "0-1"]
[White "Yinglun Xu"]
[Black "Wang Hao"]
[WhiteElo "2523"]
[BlackElo "2732"]
[PlyCount "64"]

1. d4 Nf6 2. c4 e6 3. Nf3 b6 4. g3 Ba6 5. Nbd2 d5 6. Bg2 Be7
7. cxd5 exd5 8. O-O O-O 9. Ne5 Bb7 10. b3 a5 11. Qc2 Bd6
12. Nef3 Na6 13. Ne5 Be7 14. Bb2 c5 15. a3 Rc8 16. dxc5 Nxc5
17. Qd1 Nfe4 18. Ndf3 a4 19. bxa4 Ra8 20. Bd4 Nxa4 21. Qb3 Bc5
22. Ng4 Bxd4 23. Nxd4 Nd2 24. Qb4 Nxf1 25. Kxf1 Nc5 26. Qb2
Ra4 27. Rb1 f5 28. Ne5 f4 29. Ndc6 Qd6 30. Qxb6 Ra6 31. Bxd5+
Kh8 32. Qd8 Qxd8 0-1

[Event "Abu Dhabi Masters"]
[Site "Abu Dhabi UAE"]
[Date "2016.08.21"]
[EventDate "2016.08.21"]
[Round "1.2"]
[Result "1/2-1/2"]
[White "Teja S Ravi"]
[Black "Wang Hao"]
[WhiteElo "2387"]
[BlackElo "2712"]
[PlyCount "160"]

1. d4 Nf6 2. Nf3 c5 3. e3 g6 4. dxc5 Qa5+ 5. Nbd2 Bg7 6. a3
Qxc5 7. b4 Qc7 8. Bb2 O-O 9. Bd3 a5 10. O-O Nc6 11. Qb1 d6
12. c4 Bg4 13. Bc3 Nh5 14. Qb2 Bxc3 15. Qxc3 Rfc8 16. h3 Bxf3
17. Nxf3 Nf6 18. Qb3 Nd7 19. Be2 axb4 20. axb4 Rxa1 21. Rxa1
Qb6 22. Rb1 Ra8 23. Ne1 Qa7 24. Nd3 Qa2 25. Bf3 Qxb3 26. Rxb3
Ra1+ 27. Kh2 e6 28. Rc3 Rb1 29. b5 Na5 30. c5 dxc5 31. Nxc5
Nxc5 32. Rxc5 b6 33. Rc8+ Kg7 34. Bc6 Rb2 35. Kg3 Rc2 36. f4
Rc3 37. Kf2 Nc4 38. e4 Rc2+ 39. Kg3 Ne3 40. Kf3 Nxg2 41. Rb8
Ne1+ 42. Ke3 Rh2 43. Rxb6 Rxh3+ 44. Kd4 Rd3+ 45. Kc4 Rd1
46. Kc3 Rd3+ 47. Kb4 Rd1 48. Ra6 Nd3+ 49. Kc4 Nxf4 50. Ra3 Ne2
51. Rd3 Rc1+ 52. Kb4 Rb1+ 53. Kc5 Rc1+ 54. Kb4 g5 55. e5 g4
56. Rd2 Nf4 57. Rd4 Ng6 58. Rxg4 Kf8 59. Rg5 Ke7 60. Rh5 Rb1+
61. Kc5 Re1 62. Kd4 Rd1+ 63. Kc5 Rc1+ 64. Kd4 Nf8 65. Rh3 Ng6
66. Rh5 Kd8 67. Be4 Kc7 68. Rxh7 Rd1+ 69. Kc5 Rc1+ 70. Kd4
Rd1+ 71. Kc5 Nxe5 72. b6+ Kd7 73. Rh8 Ke7 74. b7 Nd7+ 75. Kc4
Rd6 76. b8=Q Nxb8 77. Rxb8 f5 78. Bd3 Kf6 79. Kc3 Ke5 80. Rb4
Rd5 1/2-1/2

[Event "Abu Dhabi Masters"]
[Site "Abu Dhabi UAE"]
[Date "2016.08.22"]
[EventDate "2016.08.21"]
[Round "2.28"]
[Result "1-0"]
[White "Wang Hao"]
[Black "Alistair Hill"]
[WhiteElo "2712"]
[BlackElo "2257"]
[PlyCount "45"]

1. e4 c5 2. c3 Nf6 3. e5 Nd5 4. Nf3 Nc6 5. Bc4 Nb6 6. Bb3 d5
7. exd6 Qxd6 8. O-O Be6 9. Na3 Bxb3 10. axb3 Qd3 11. Re1 e6
12. Re3 Qd5 13. Qe2 Qxb3 14. c4 Qb4 15. b3 Nd4 16. Qd3 Be7
17. Nxd4 cxd4 18. Rg3 O-O 19. Nb5 a6 20. Qxd4 e5 21. Qxe5 f6
22. Qe6+ Kh8 23. Nc7 1-0

[Event "Abu Dhabi Masters"]
[Site "Abu Dhabi UAE"]
[Date "2016.08.23"]
[EventDate "2016.08.21"]
[Round "3.11"]
[Result "1/2-1/2"]
[White "Babu M R Lalith"]
[Black "Wang Hao"]
[WhiteElo "2575"]
[BlackElo "2712"]
[PlyCount "56"]

1. Nf3 g6 2. c4 Bg7 3. d4 Nf6 4. Nc3 d5 5. Qb3 dxc4 6. Qxc4
O-O 7. e4 a6 8. Be2 b5 9. Qb3 c5 10. dxc5 Bb7 11. e5 Nfd7
12. Be3 Nxe5 13. Nxe5 Bxe5 14. Rd1 Qc7 15. Nd5 Bxd5 16. Qxd5
Nc6 17. Bf3 Rac8 18. Qxc6 Qxc6 19. Bxc6 Rxc6 20. Rd2 f5 21. f4
Bc7 22. Ke2 a5 23. Kf3 Kf7 24. b3 Rc8 25. a3 Ke8 26. Rb1 Ra8
27. Rd3 Re6 28. Rc1 Rc6 1/2-1/2

[Event "Abu Dhabi Masters"]
[Site "Abu Dhabi UAE"]
[Date "2016.08.23"]
[EventDate "2016.08.21"]
[Round "4.13"]
[Result "1/2-1/2"]
[White "Wang Hao"]
[Black "Temur Kuybokarov"]
[WhiteElo "2712"]
[BlackElo "2466"]
[PlyCount "55"]

1. d4 d5 2. c4 dxc4 3. e4 Nf6 4. e5 Nd5 5. Bxc4 Nb6 6. Bd3 Nc6
7. Ne2 Bg4 8. f3 Bh5 9. Nbc3 e6 10. Be4 Bg6 11. O-O Be7
12. Bxc6+ bxc6 13. Nf4 Bf5 14. g4 Bg6 15. Nxg6 hxg6 16. Be3
O-O 17. Rc1 c5 18. dxc5 Nc4 19. Qe2 Nxe5 20. Bf2 Nc6 21. Qe4
Qe8 22. b4 Bf6 23. Nb5 Rc8 24. Bg3 Bd8 25. a3 a6 26. Nc3 Bg5
27. Rcd1 Bf6 28. Ne2 1/2-1/2

[Event "Abu Dhabi Masters"]
[Site "Abu Dhabi UAE"]
[Date "2016.08.24"]
[EventDate "2016.08.21"]
[Round "5.16"]
[Result "0-1"]
[White "Adham Fawzy"]
[Black "Wang Hao"]
[WhiteElo "2440"]
[BlackElo "2712"]
[PlyCount "58"]

1. e4 c5 2. c4 Nc6 3. Nc3 g6 4. g3 Bg7 5. Bg2 e6 6. Nge2 Nge7
7. O-O O-O 8. d3 d6 9. a3 Rb8 10. Be3 Nd4 11. Rb1 Nec6 12. b4
b6 13. f4 Bb7 14. bxc5 bxc5 15. Qa4 Ba8 16. Bxd4 cxd4 17. Rxb8
Nxb8 18. Nb5 a6 19. Nbxd4 Bxd4+ 20. Nxd4 Qb6 21. c5 Qxc5
22. Kh1 Qc3 23. Rd1 Rc8 24. Qb4 Nd7 25. h3 e5 26. Qxd6 Qxd4
27. Qxa6 Rd8 28. Qa5 Nc5 29. fxe5 Bxe4 0-1

[Event "Abu Dhabi Masters"]
[Site "Abu Dhabi UAE"]
[Date "2016.08.25"]
[EventDate "2016.08.21"]
[Round "6.7"]
[Result "1-0"]
[White "Wang Hao"]
[Black "Mikhail Antipov"]
[WhiteElo "2712"]
[BlackElo "2565"]
[PlyCount "75"]

1. d4 Nf6 2. c4 e6 3. Nf3 Bb4+ 4. Nbd2 O-O 5. a3 Be7 6. e4 d6
7. Be2 a5 8. O-O a4 9. Bd3 Nfd7 10. Bc2 Nb6 11. e5 N8d7
12. Qe2 Re8 13. Nb1 Nf8 14. Nc3 Bd7 15. Be3 d5 16. c5 Nc4
17. Bd3 Nxe3 18. fxe3 b6 19. cxb6 c5 20. b7 Ra7 21. Bb5 Qa5
22. dxc5 Bxc5 23. Bxd7 Nxd7 24. Ng5 Nxe5 25. Nxf7 Nxf7
26. Rxf7 Qb6 27. Raf1 Rxb7 28. Nxa4 Qb5 29. Qh5 Bxe3+ 30. Kh1
Bd4 31. Nc3 Bxc3 32. bxc3 Qd3 33. h3 Rb1 34. Rxg7+ Kxg7
35. Qf7+ Kh6 36. Qf4+ Kh5 37. Qg4+ Kh6 38. Qh4+ 1-0

[Event "Abu Dhabi Masters"]
[Site "Abu Dhabi UAE"]
[Date "2016.08.27"]
[EventDate "2016.08.21"]
[Round "7.4"]
[Result "0-1"]
[White "Olexandr Bortnyk"]
[Black "Wang Hao"]
[WhiteElo "2588"]
[BlackElo "2712"]
[PlyCount "46"]

1. e4 e5 2. Nf3 Nc6 3. Bc4 Nf6 4. d3 Be7 5. c3 O-O 6. O-O d6
7. Bb3 Na5 8. Bc2 c5 9. h3 Nc6 10. Re1 Qc7 11. Nbd2 Be6
12. Nf1 Nd7 13. Ng5 Bxg5 14. Bxg5 d5 15. exd5 Bxd5 16. Ne3 Be6
17. Qh5 Rfe8 18. b4 Nf8 19. bxc5 Qa5 20. d4 exd4 21. cxd4 Nxd4
22. Bf4 Nxc2 23. Nxc2 Qa4 0-1

[Event "Abu Dhabi Masters"]
[Site "Abu Dhabi UAE"]
[Date "2016.08.28"]
[EventDate "2016.08.21"]
[Round "8.3"]
[Result "0-1"]
[White "Wang Hao"]
[Black "Alexandr Predke"]
[WhiteElo "2712"]
[BlackElo "2553"]
[PlyCount "146"]

1. e4 e5 2. Nf3 Nc6 3. Bb5 a6 4. Ba4 Nf6 5. O-O Be7 6. d3 d6
7. c3 O-O 8. Nbd2 b5 9. Bc2 Re8 10. Re1 Bf8 11. d4 Bb7 12. d5
Nb8 13. c4 c6 14. b3 Nbd7 15. Nf1 Nb6 16. Ne3 Qc7 17. dxc6
Bxc6 18. Nd5 Nbxd5 19. cxd5 Bd7 20. Bd3 g6 21. a4 Bg7 22. Ba3
Rac8 23. axb5 axb5 24. Bb4 Ra8 25. Rxa8 Rxa8 26. Qc2 Qxc2
27. Bxc2 Ne8 28. Bd3 Bf6 29. Kf1 Bd8 30. Rc1 f6 31. Ne1 Bb6
32. Nc2 Ra2 33. Ba3 Kf7 34. Ke2 Bd4 35. Rb1 f5 36. f3 fxe4
37. fxe4 Ke7 38. Bc1 Bg4+ 39. Kf1 Bb6 40. h3 Bd7 41. Ke2 Nc7
42. Bg5+ Ke8 43. b4 Na6 44. Bh6 Bd8 45. Kd2 Be7 46. Kc3 Nc7
47. Rf1 Ra7 48. Kb2 Na8 49. Na3 Rb7 50. Kb3 Nc7 51. Nb1 Ra7
52. Nc3 Ra8 53. Be3 Bd8 54. Bh6 Be7 55. Ne2 Ra4 56. Rc1 Na6
57. Bd2 Bd8 58. Ng1 Bb6 59. Nf3 Nc7 60. Rf1 Ra8 61. Bh6 Ne6
62. dxe6 Bxe6+ 63. Kc3 Ra3+ 64. Kc2 Rxd3 65. Ng5 Bc4 66. Rf3
Rxf3 67. gxf3 Be3 68. Nf7 Bxh6 69. Nxh6 Be6 70. h4 Kf8 71. Kd3
Kg7 72. Ng4 Bxg4 73. fxg4 Kf6 0-1